| 000 | 00770cam a2200205 a 4500 | ||
|---|---|---|---|
| 001 | 000006309 | ||
| 005 | 20200929153919.0 | ||
| 008 | 801105s1968 pr a 000 0 spa d | ||
| 040 |
_aDO-SdBNP _bspa _cBNPHU |
||
| 082 |
_aH860.8 _bF933n |
||
| 100 | 1 |
_aFrondizi, Josefina B. de. _917600 |
|
| 245 | 1 | 0 |
_aNuestra América : _bantología de literatura hispanoamericana / _cJosefina B. de Frondizi. |
| 260 |
_aSan Juan, Puerto Rico : _bDepartamento de Instrucción Pública, _c1968. |
||
| 300 |
_axi, 207 p. : _bil. ; _c25 cm. |
||
| 490 | 1 | _aDepartamento de Instrucción Pública | |
| 490 | 1 |
_aSerie 4 _v82 |
|
| 650 | 4 |
_aLiteratuara hispanoamericana _917601 |
|
| 650 | 4 |
_aLiteratura latinoamericana _94717 |
|
| 830 | 0 |
_aDepartamento de Instrucción Pública ; _pSerie 4, _v82 _917602 |
|
| 999 |
_c6104 _d6104 |
||